Revista española de obstetricia y ginecología / (Record no. 1849)

MARC details
000 -LEADER
campo de control de longitud fija 00795nas a2200253 i 4500
001 - NÚMERO DE CONTROL
campo de control 1849
003 - IDENTIFICADOR DE NÚMERO DE CONTROL
campo de control ES-MaACL
005 - FECHA Y HORA DE LA ÚLTIMA TRANSACCIÓN
campo de control 20250217134410.0
007 - CAMPO FIJO DE DESCRIPCIÓN FÍSICA--INFORMACIÓN GENERAL
campo de control de longitud fija t|
008 - DATOS DE LONGITUD FIJA--INFORMACIÓN GENERAL
campo de control de longitud fija 950801d19161936sp | | 1 ||pa d
022 ## - NÚMERO INTERNACIONAL NORMALIZADO PARA PUBLICACIONES SERIADAS
Número Internacional Normalizado para Publicaciones Seriadas 1131-0901
245 00 - MENCIÓN DEL TÍTULO
Título Revista española de obstetricia y ginecología /
Mención de responsabilidad, etc. dir. P. Nubiola, S. Recasens y P. Zuloaga.
260 ## - PUBLICACIÓN, DISTRIBUCIÓN, ETC.
Lugar de publicación, distribución, etc. Madrid :
Nombre del editor, distribuidor, etc. [s.n.],
Fecha de publicación, distribución, etc. 1916-1936 (
Lugar de fabricación/manufactura Valladolid :
Fabricante Talls. Tipográficos Cuesta)
300 ## - DESCRIPCIÓN FÍSICA
Extensión 23 v. ;
Dimensiones 28 cm.
310 ## - PERIODICIDAD ACTUAL
Periodicidad actual Mensual
362 0# - FECHAS DE PUBLICACIÓN Y/O DESIGNACIÓN SECUENCIAL
Fecha de publicación y/o designación secuencial Año I (1916)-(1936)
650 14 - PUNTO DE ACCESO ADICIONAL DE MATERIA--TÉRMINO DE MATERIA
Término de materia o nombre geográfico como elemento de entrada Ginecología.
9 (RLIN) 13119
700 0# - ENTRADA AGREGADA--NOMBRE PERSONAL
Nombre de persona Nubiola, Pedro.
9 (RLIN) 86115
700 1# - ENTRADA AGREGADA--NOMBRE PERSONAL
Nombre de persona Recasens y Girol, Sebastián,
Fechas asociadas al nombre 1863-1933
9 (RLIN) 95752
700 1# - ENTRADA AGREGADA--NOMBRE PERSONAL
Nombre de persona Zuloaga, P,
Término indicativo de función/relación
9 (RLIN) 194306
852 ## - LOCALIZACIÓN
Ubicación ES-MaACL
Número de control de estantería Hem-243
866 #0 - MENCIÓN TEXTUAL DE FONDOS--UNIDAD BIBLIOGRÁFICA BÁSICA
Fondos 1916-36
Holdings
Estatus retirado Estado de pérdida Estado de daño No para préstamo Colección Biblioteca de origen Biblioteca actual Ubicación en estantería Fecha de adquisición Fuente de adquisición Total de préstamos Signatura topográfica completa Código de barras Visto por última vez Precio de reemplazo Tipo de ítem Koha
        Periódicos y Revistas Biblioteca del Ateneo de Madrid Biblioteca del Ateneo de Madrid Depósito 1 17/01/2008     Hem-243 1001887 23/02/2023 23/02/2023 Revista